000 00766nam a2200289Ia 4500
005 20260324112811.0
008 008 260324s9999 xx 000 0 eng d
020 _a9781003408642
037 _aEBOOK
040 _aCRL
040 _beng
040 _cCRL
041 _2eng
041 _aeng
084 _qCRL
100 _aAnna Dubel; Anna Kondak; Anita Proszowska; Ewa Prymon-Ryś; Aleksandra Wilk
_91144190
245 0 _aSustainable Marketing and the Circular Economy in Poland
245 0 _bKey Concepts and Strategies
260 _bTaylor and Francis
260 _c2024
365 _a
365 _b83.99
856 _uhttp://www.taylorfrancis.com/books/9781003408642
942 _cEBOOK
999 _c1733544
_d1733544